00631cam a22002057a 4500003000500000005001700005008004100022010001000063011001000073035001000083040000900093082001500102100002100117245007100138260005300209300001800262490005700280650003100337830005700368CHAP20220329140209.0971013s1901 us r 00010 eng d a48420 a49392 a53540 cCHAP04a598.2bR5300aRidgway, Robert.14aThe birds of North and middle America ; a descriptive catalogue... aWashington :bGovernment Printing Office,c1901- av.b; láms. 0aBulletin of the United States National Musseumv; 5014aAvesxAmérica del Norte.0 aBulletin of the United States National Musseumv; 50